BIBLIOTHÈQUE DE LA MAISON DU MEXIQUE

Logo 1 Logo 2

Combatimos la tiranía (notice nᵒ 10315)

détails MARC
000 -Sello discográfico
campo de control de longitud fija 01155nam a2200325 4500
005 - Identificación de versión
campo de control 20251017062859.0
035 ## - Otros números de control del sistema
Número de control del sistema 9080
099 ## - fechas locales
Tipo de ítem Koha LIBRO
100 ## - Datos de procesamiento general
Datos de procesamiento general 20031222d1958 m y1spay5003 ba
101 1# - Idioma del recurso
Idioma del texto, banda sonora, etc. Español; Castellano
Idioma de la obra original Inglés
105 ## - Campo de datos codificados: Material textual, monográfico
Datos codificados de monografía y 001zy
200 1# - Título y mención de responsabilidad
Título propio Combatimos la tiranía
Designación general del material texto impreso
Otra información del título un pionero revolucionario mexicano cuenta su historia a Samuel Kaplan
Primer mención de responsabilidad Enrique Flores Magón
Declaración de responsabilidad subsiguiente traducción Jesús Amaya Topete
210 ## - Publicación, distribución, etc.
Lugar de publicación, distribución, etc. México
Nombre del editor, distribuidor, etc. Talleres Gráficos de la Nación
Fecha de publicación, distribución, etc. 1958
215 ## - Descripción física
Designación de material específico y extensión del ítem 323 p
Dimensiones 23 cm
345 ## - Nota de información de adquisición
Fuente de adquisición/dirección de la suscripción [OBSOLETO] Donación
410 #1 - Series
Título Biblioteca del Instituto Nacional de Estudios Históricos de la Revolución Mexicana
Número de volumen 13
600 ## - Nombre personal usado como materia
Elemento de entrada Flores Magón
Parte del nombre distinta del elemento de entrada Enrique
Fechas 1877-1954
Número Koha 5750
607 ## - Nombre geográfico utilizado como tema
Elemento de entrada México
Subdivisión temática Historia
Subdivisión cronológica Revolución, 1910-
Número Koha 1664
660 ## - Código de área geográfica
Código MX
700 ## - Nombre personal - Responsabilidad primaria
Elemento de entrada Flores Magón
Parte del nombre distinta del elemento de entrada Enrique
Fechas 1877-1954
Número Koha 5750
701 ## - Nombre personal - Responsabilidad alternativa
Elemento de entrada Kaplan
Parte del nombre distinta del elemento de entrada Samuel
Fechas 1884-1960
Número Koha 16847
702 ## - Nombre personal - Responsabilidad secundaria
Elemento de entrada Amaya Topete
Parte del nombre distinta del elemento de entrada Jesús
Fechas 1889-1976
Número Koha 16848
801 #0 - Fuente de origen
Agencia cm
900 ## -
-- 1/5673
900 ## -
-- 7100317435\221203
942 ## - ELEMENTOS DE ENTRADA SECUNDARIOS (KOHA)
Tipo de ítem Koha Livre
996 ## -
-- MEX
-- 751145101
-- MMAG
-- 010868
-- 972.094 F634CO
-- 20240808LIV
Exemplaires
Estatus retirado Estado de daño Estado de pérdida Fecha de adquisición Biblioteca de origen Biblioteca actual Ubicación en estantería Código de barras Precio de reemplazo Signatura topográfica completa No para préstamo Tipo de ítem Koha Nota pública Nota no pública
      05/08/2025 Casa México Paris Casa México Paris   010868 05/08/2025 972.094 F634CO   Livre 20240808LIV 751145101